[Event "SV Kamen 2 - SW Oberhausen 1"]
[Site "Verbandsklasse - Gruppe 2 201"]
[Date "2018.09.23"]
[Round "1.6"]
[White "Bals, Jochen"]
[Black "Matthies, Jochen"]
[Result "1-0"]
[WhiteElo "1855"]
[BlackElo "1781"]
[PlyCount "103"]
[EventDate "2018.??.??"]

1. e4 e5 2. Nf3 d6 3. d4 Nd7 4. Bc4 Be7 5. dxe5 dxe5 6. Qd5 Bb4+ 7. c3 Qe7 8.
cxb4 Ngf6 9. Qa5 b6 10. Qa3 Bb7 11. Nc3 a6 12. Bg5 h6 13. Nd5 Qd6 14. Bxf6 Nxf6
15. Nxf6+ Qxf6 16. Bd5 c6 17. Bc4 Qg6 18. Nxe5 Qxg2 19. Qf3 Qxf3 20. Nxf3 O-O
21. O-O-O b5 22. Bb3 c5 23. Bd5 Bxd5 24. exd5 cxb4 25. Nd4 Rfd8 26. Nc6 Rd6 27.
Kb1 a5 28. Rhe1 Kf8 29. Rd2 Ra6 30. Red1 g6 31. Ne5 Ra8 32. Rd3 Re8 33. Nc6 Ra8
34. h4 h5 35. f4 Ra6 36. Kc2 Rf6 37. Rd4 Rd6 38. Kd3 Kg7 39. Rc1 Rb6 40. Rc5 a4
41. Nxb4 Rb8 42. Rc6 Rbd8 43. Rxd6 Rxd6 44. Re4 Kf6 45. Kd4 Kf5 46. Nd3 Rd7 47.
Re5+ Kg4 48. Rg5+ Kxh4 49. Ne5 Rd6 50. Nxg6+ fxg6 51. Ke5 Rd8 52. Rxg6 1-0

[Event "SV Kamen 2 - SW Oberhausen 1"]
[Site "Verbandsklasse - Gruppe 2 201"]
[Date "2018.09.23"]
[Round "1.7"]
[White "Boecker, Juergen"]
[Black "Rotter, Chris"]
[Result "1/2-1/2"]
[WhiteElo "1755"]
[BlackElo "1711"]
[Annotator "Daniel"]
[PlyCount "46"]
[EventDate "2018.??.??"]

1. e4 e6 2. d4 d5 3. Nc3 Nf6 4. Bg5 dxe4 5. Nxe4 Be7 6. Bxf6 Bxf6 7. Nf3 Nc6 8.
Bb5 Bd7 9. c3 a6 10. Bd3 h6 11. O-O Na7 12. Re1 Bc6 13. a4 g6 $11 14. Qe2 Bg7
15. Ne5 O-O 16. Nxc6 Nxc6 17. a5 Ne7 18. Nc5 Nd5 19. Nxe6 fxe6 20. Qxe6+ Kh7
21. Qxg6+ Kg8 22. Qh7+ Kf7 23. Qg6+ Kg8 1/2-1/2

[Event "SV Kamen 2 - SW Oberhausen 1"]
[Site "Verbandsklasse - Gruppe 2 201"]
[Date "2018.09.23"]
[Round "1.8"]
[White "Markert, Dirk"]
[Black "Abramowski, Joerg"]
[Result "1/2-1/2"]
[WhiteElo "1838"]
[BlackElo "1949"]
[Annotator "Daniel"]
[PlyCount "97"]
[EventDate "2018.??.??"]

1. e4 c5 2. Nc3 a6 3. Nf3 Nc6 4. d4 cxd4 5. Nxd4 e6 6. Be3 Qc7 7. Qd2 Nf6 8. f3
d6 9. O-O-O $11 Be7 10. g4 b5 11. Kb1 Ne5 12. h4 Nc4 13. Bxc4 Qxc4 14. h5 h6
15. g5 hxg5 16. Bxg5 Bb7 17. Rh2 O-O-O 18. h6 gxh6 19. Rxh6 Rxh6 20. Bxh6 Rg8
21. Be3 Kb8 22. Qh2 Ka8 23. Nb3 Qc7 24. Qd2 Nd7 25. a4 Bc6 26. axb5 axb5 27.
Nd4 Rb8 28. Na2 Ne5 29. b3 Bd7 30. Nb4 Rb6 31. Kb2 Bf6 32. c3 Kb7 33. Ra1 Be8
34. Ra7+ Kxa7 35. f4 Ng4 36. Bg1 Kb7 37. Qg2 Bxd4 38. Bxd4 e5 39. Bxb6 Qxb6 40.
Qxg4 Qf2+ 41. Ka3 Qa7+ 42. Kb2 Qf2+ 43. Ka3 Qxf4 44. Qd1 Bc6 45. Qxd6 Qxe4 46.
Nd3 Qd5 47. Nc5+ Kc8 48. Qf8+ Kc7 49. Na6+ 1/2-1/2

[Event "SG Bochum 4 - SC Buer-Hassel 1"]
[Site "Verbandsklasse - Gruppe 2 201"]
[Date "2018.09.23"]
[Round "1.1"]
[White "Griebl, Joern"]
[Black "Prieb, Robert"]
[Result "1-0"]
[WhiteElo "2173"]
[BlackElo "1848"]
[PlyCount "101"]
[EventDate "2018.??.??"]

1. d4 Nf6 2. c4 g6 3. Nc3 Bg7 4. e4 d6 5. Be2 O-O 6. Nf3 e5 7. O-O Nc6 8. d5
Ne7 9. Ne1 Nd7 10. Be3 f5 11. f3 f4 12. Bf2 g5 13. a4 Ng6 14. Nb5 Nf6 15. Nxa7
Bd7 16. c5 h5 17. c6 bxc6 18. Nxc6 Qe8 19. h3 Qc8 20. Na7 Qb7 21. Nb5 g4 22.
hxg4 hxg4 23. fxg4 Nxe4 24. Qc2 Nxf2 25. Qxg6 Rf6 26. Qc2 Nxg4 27. Qxc7 Qxc7
28. Nxc7 Rc8 29. Bxg4 Bxg4 30. Nb5 Bh6 31. Nc3 Rb8 32. a5 f3 33. Nxf3 Be3+ 34.
Kh1 Rh6+ 35. Nh2 Bf4 36. Rxf4 exf4 37. Ra4 Rxb2 38. Rxf4 Rc2 39. Rxg4+ Kh7 40.
Nd1 Ra2 41. Kg1 Rxa5 42. Ne3 Rg6 43. Re4 Ra1+ 44. Kf2 Ra2+ 45. Kf3 Rf6+ 46. Kg3
Rg6+ 47. Nhg4 Ra3 48. Kf4 Kg7 49. Nf5+ Kf7 50. Nh4 Rg5 51. Kxg5 1-0

[Event "SG Bochum 4 - SC Buer-Hassel 1"]
[Site "Verbandsklasse - Gruppe 2 201"]
[Date "2018.09.23"]
[Round "1.2"]
[White "Gluma, Christian"]
[Black "Bossy, Arnim"]
[Result "0-1"]
[WhiteElo "1864"]
[BlackElo "2117"]
[PlyCount "80"]
[EventDate "2018.??.??"]

1. e4 d5 2. exd5 Qxd5 3. Nc3 Qd8 4. Nf3 Nf6 5. Bc4 a6 6. a4 Nc6 7. O-O Bg4 8.
d3 e6 9. Re1 Nd4 10. Bg5 Be7 11. Bxf6 Bxf6 12. Bd5 c6 13. Be4 O-O 14. h3 Bh5
15. g4 Bg6 16. Kg2 Qb6 17. Bxg6 hxg6 18. Rb1 Nxf3 19. Qxf3 Rad8 20. Ne4 Be7 21.
Qf4 Qd4 22. Qc7 Rd7 23. Qg3 Qxa4 24. b3 Qd4 25. g5 Bd6 26. Qh4 Qd5 27. c4 Qf5
28. Re3 Qf4 29. Qxf4 Bxf4 30. Rf3 Be5 31. Kf1 Bd4 32. Ke2 f5 33. Nd2 Kf7 34. h4
Rh8 35. Rh3 e5 36. f3 Bb6 37. b4 Rd4 38. c5 Bc7 39. f4 Rxf4 40. Nf3 e4 0-1

[Event "SG Bochum 4 - SC Buer-Hassel 1"]
[Site "Verbandsklasse - Gruppe 2 201"]
[Date "2018.09.23"]
[Round "1.3"]
[White "Wolff, Christoph"]
[Black "Walny, Benjamin"]
[Result "1-0"]
[WhiteElo "1985"]
[BlackElo "1739"]
[Annotator "Daniel"]
[PlyCount "134"]
[EventDate "2018.??.??"]

1. e4 c6 2. Nc3 d5 3. Nf3 Nf6 4. e5 Ne4 5. Bd3 Nxc3 6. dxc3 Bg4 7. h3 Bxf3 8.
Qxf3 e6 9. O-O Nd7 10. Qg3 Qc7 11. Re1 g6 $11 12. Bf4 Bg7 13. c4 dxc4 14. Bxc4
O-O-O 15. Qe3 Qb6 16. Qc3 Bf8 17. Qf3 Bc5 18. a3 Qxb2 19. Rab1 Qxa3 20. Bd3 Nb8
21. Rb3 Qa5 22. Reb1 Rd7 23. Be3 Bxe3 24. Qxe3 b6 25. Qe2 Rhd8 26. f4 Rc7 27.
Qf3 Rd4 28. Qe3 Ra4 29. Kh2 Ra1 30. Qe2 Rxb1 31. Rxb1 Qa4 32. Qf1 Rd7 33. Ra1
Qd4 34. Ra3 g5 35. g3 gxf4 36. gxf4 b5 37. Qf3 a6 38. Qg3 Kb7 39. Rb3 Kb6 40.
Rb1 c5 41. Rf1 c4 42. Bxh7 Qc5 43. Qg2 Nc6 44. Be4 Qe3 45. Qf3 Qxf3 46. Rxf3
Rd2+ 47. Kg3 Nd4 48. Rf2 Rxf2 49. Kxf2 Kc7 50. h4 Kd7 51. h5 Ke7 52. c3 Nb3 53.
h6 Kf8 54. Bc6 Kg8 55. Be8 b4 56. Bxf7+ Kxf7 57. f5 Nd4 58. cxd4 b3 59. fxe6+
Kxe6 60. h7 b2 61. h8=Q b1=Q 62. Qg8+ Ke7 63. Qxc4 Qf5+ 64. Ke3 Qh3+ 65. Kd2
Qg2+ 66. Kc3 Qg3+ 67. Kb4 Qe1+ 1-0

[Event "SG Bochum 4 - SC Buer-Hassel 1"]
[Site "Verbandsklasse - Gruppe 2 201"]
[Date "2018.09.23"]
[Round "1.4"]
[White "Jung, Benn"]
[Black "Wiechen, Ulrich"]
[Result "0-1"]
[WhiteElo "1699"]
[BlackElo "1929"]
[PlyCount "66"]
[EventDate "2018.??.??"]

1. e4 e5 2. Nf3 Nc6 3. Bc4 Nf6 4. Nc3 Bc5 5. h3 d6 6. d3 Nd4 7. Nxd4 Bxd4 8.
Ne2 Bb6 9. Bg5 h6 10. Bh4 Qe7 11. c3 Be6 12. Bxe6 Qxe6 13. Qa4+ c6 14. O-O-O g5
15. Bg3 O-O-O 16. f3 Nd7 17. d4 f5 18. d5 cxd5 19. exd5 Qg6 20. Qc2 Kb8 21. Bh2
Qf7 22. c4 Rc8 23. b3 Rc7 24. Nc3 a6 25. Bg1 Rhc8 26. Kb2 Qf6 27. Bxb6 Nxb6 28.
Qf2 Nxc4+ 29. bxc4 Rxc4 30. Rd3 e4 31. fxe4 Rxc3 32. Rxc3 Qxc3+ 33. Kb1 Rc5 0-1

[Event "SG Bochum 4 - SC Buer-Hassel 1"]
[Site "Verbandsklasse - Gruppe 2 201"]
[Date "2018.09.23"]
[Round "1.5"]
[White "Hirschberg, Markus"]
[Black "Stachnik, Adam"]
[Result "0-1"]
[WhiteElo "1796"]
[BlackElo "1785"]
[PlyCount "62"]
[EventDate "2018.??.??"]

1. e4 c5 2. Nf3 e6 3. d4 cxd4 4. Nxd4 a6 5. a3 Qc7 6. Nc3 Nf6 7. Bg5 Be7 8. f4
h6 9. Bxf6 Bxf6 10. e5 Be7 11. Qg4 O-O 12. Ne4 f5 13. exf6 Bxf6 14. Nxf6+ Rxf6
15. g3 Nc6 16. O-O-O d5 17. Qh5 Bd7 18. Bg2 Rc8 19. c3 Be8 20. Qe2 Bf7 21. Rhe1
Qb6 22. Qc2 Bg6 23. f5 Nxd4 24. Rxd4 Qxd4 25. fxg6 Qg4 26. Qb3 Qg5+ 27. Kb1
Qxg6+ 28. Ka2 b5 29. Bh3 Rc4 30. Bf1 Rc6 31. Bh3 Qh5 0-1

[Event "SG Bochum 4 - SC Buer-Hassel 1"]
[Site "Verbandsklasse - Gruppe 2 201"]
[Date "2018.09.23"]
[Round "1.6"]
[White "Butschek, Gerhard"]
[Black "Strohmann, Andreas"]
[Result "0-1"]
[WhiteElo "1680"]
[BlackElo "1865"]
[Annotator "Daniel"]
[PlyCount "68"]
[EventDate "2018.??.??"]

1. g3 Nf6 2. Bg2 d5 3. d4 e6 4. Nc3 c5 5. Nf3 Nc6 6. O-O Be7 7. Re1 O-O 8. a3
cxd4 9. Nxd4 e5 10. Nxc6 bxc6 11. e4 d4 12. Na4 Qa5 13. b3 c5 14. Bd2 $11 Qc7
15. Nb2 Be6 16. Bf1 Qb7 17. Qe2 Rac8 18. Nc4 Nd7 19. Rab1 f6 20. f4 Rfd8 21. f5
Bf7 22. Qg2 Nb6 23. Na5 Qc7 24. Ba6 Rb8 25. Qe2 Nc8 26. Bc4 Bxc4 27. Nxc4 Rd7
28. h4 Qd8 29. h5 d3 30. Qg4 dxc2 31. h6 Bf8 32. Nxe5 cxb1=Q 33. Rxb1 Rxd2 34.
Nc6 Qd3 0-1

[Event "SG Bochum 4 - SC Buer-Hassel 1"]
[Site "Verbandsklasse - Gruppe 2 201"]
[Date "2018.09.23"]
[Round "1.7"]
[White "Lazarev, Vadim"]
[Black "Ziemann, David"]
[Result "1-0"]
[WhiteElo "1759"]
[BlackElo "1625"]
[PlyCount "89"]
[EventDate "2018.??.??"]

1. e4 c5 2. Nc3 g6 3. g3 Bg7 4. Bg2 Nc6 5. Nge2 e5 6. Nd5 Nge7 7. Nec3 d6 8.
O-O O-O 9. f4 f5 10. d3 Rb8 11. a4 Nxd5 12. Nxd5 Ne7 13. Ne3 b6 14. Nc4 Bb7 15.
c3 Qc7 16. Qb3 Kh8 17. Be3 Bc6 18. Rf2 Bd7 19. Qc2 b5 20. axb5 Bxb5 21. Nd2
Rfd8 22. Nf3 Rf8 23. fxe5 dxe5 24. b4 cxb4 25. Rxa7 Qd6 26. c4 Be8 27. c5 Qe6
28. Ng5 Qf6 29. Qc4 Bf7 30. Nxf7+ Qxf7 31. Qxf7 Rxf7 32. Bg5 b3 33. Rb2 Bf8 34.
exf5 gxf5 35. Bd5 Nxd5 36. Rxf7 Bg7 37. Bd2 e4 38. Rb1 b2 39. dxe4 fxe4 40. Rd7
Nf6 41. Re7 Bf8 42. Re5 e3 43. Bxe3 Ng4 44. Bd4 Nxe5 45. Bxe5+ 1-0

[Event "SV Unser Fritz 1 - Rochade Steele/Kray "]
[Site "Verbandsklasse - Gruppe 2 201"]
[Date "2018.09.23"]
[Round "1.1"]
[White "Happe, Ulrich"]
[Black "Mueller, Martin"]
[Result "1/2-1/2"]
[WhiteElo "2091"]
[BlackElo "2044"]
[PlyCount "71"]
[EventDate "2018.??.??"]

1. Nf3 d6 2. d4 Nf6 3. c4 Nbd7 4. Nc3 e5 5. dxe5 dxe5 6. e3 c6 7. Be2 Be7 8.
O-O O-O 9. Qc2 Re8 10. Rd1 Qc7 11. b3 Nf8 12. Bb2 Bg4 13. Ne4 Ng6 14. h3 Bd7
15. Bd3 Rad8 16. Ng3 Bc5 17. Qc3 Bc8 18. Ng5 Qb6 19. N5e4 Nxe4 20. Bxe4 f6 21.
Qc2 Nf8 22. Bc3 g6 23. Rxd8 Rxd8 24. b4 Be7 25. c5 Qc7 26. Qb2 Be6 27. Ne2 Qd7
28. Bc2 Qc8 29. Re1 Bf5 30. e4 Be6 31. f4 Bxh3 32. gxh3 Qxh3 33. Bb3+ Kg7 34.
fxe5 Qe3+ 35. Kf1 Qf3+ 36. Kg1 1/2-1/2

[Event "SV Unser Fritz 1 - Rochade Steele/Kray "]
[Site "Verbandsklasse - Gruppe 2 201"]
[Date "2018.09.23"]
[Round "1.2"]
[White "Singbeil, Holger"]
[Black "Kirsch, Paul"]
[Result "1/2-1/2"]
[WhiteElo "1952"]
[BlackElo "1929"]
[PlyCount "35"]
[EventDate "2018.??.??"]

1. Nf3 Nf6 2. g3 g6 3. Bg2 Bg7 4. O-O O-O 5. b3 Ne4 6. c3 d5 7. Bb2 c5 8. Qc2
Nc6 9. d3 Nf6 10. Nbd2 Bg4 11. e4 dxe4 12. dxe4 Qc7 13. h3 Bxf3 14. Nxf3 Rad8
15. Rad1 e6 16. Rxd8 Qxd8 17. Bc1 Qd6 18. Qd2 1/2-1/2

[Event "SV Unser Fritz 1 - Rochade Steele/Kray "]
[Site "Verbandsklasse - Gruppe 2 201"]
[Date "2018.09.23"]
[Round "1.3"]
[White "Laarmann, Gerd"]
[Black "Jungbluth, Michael"]
[Result "1/2-1/2"]
[WhiteElo "1799"]
[BlackElo "1861"]
[PlyCount "29"]
[EventDate "2018.??.??"]

1. d4 Nf6 2. c4 g6 3. Nc3 Bg7 4. e4 d6 5. f3 c6 6. Be3 Na6 7. Qd2 Qa5 8. Bd3
Be6 9. Nge2 Nb4 10. O-O Nxd3 11. Qxd3 O-O 12. a3 Rfc8 13. d5 Bd7 14. b4 Qd8 15.
Rfc1 1/2-1/2

[Event "SV Unser Fritz 1 - Rochade Steele/Kray "]
[Site "Verbandsklasse - Gruppe 2 201"]
[Date "2018.09.23"]
[Round "1.4"]
[White "Distelrath, Oliver"]
[Black "Greger, Helmut"]
[Result "0-1"]
[WhiteElo "1855"]
[BlackElo "1915"]
[PlyCount "68"]
[EventDate "2018.??.??"]

1. e4 g6 2. Nc3 Bg7 3. f4 d6 4. Nf3 Nf6 5. Be2 O-O 6. O-O c6 7. d3 Qb6+ 8. Kh1
Nbd7 9. Qe1 e5 10. fxe5 dxe5 11. b3 Re8 12. Qh4 Qc7 13. h3 Nh5 14. Ng5 Nhf6 15.
Bd2 h6 16. Nf3 Kh7 17. g4 Rf8 18. g5 Nh5 19. gxh6 Bf6 20. Bg5 Qd6 21. Nd1 Nf4
22. Bxf6 Nxf6 23. Ng5+ Kh8 24. Bg4 Nxg4 25. hxg4 f6 26. Nf3 g5 27. Qg3 Rf7 28.
Rf2 Rh7 29. Rh2 Qf8 30. d4 Rxh6 31. dxe5 Ne2 32. Qf2 Nf4 33. exf6 Qxf6 34. Ne3
Qxa1+ 0-1

[Event "SV Unser Fritz 1 - Rochade Steele/Kray "]
[Site "Verbandsklasse - Gruppe 2 201"]
[Date "2018.09.23"]
[Round "1.5"]
[White "Schmitz, Juergen"]
[Black "Mikulski, Georg"]
[Result "0-1"]
[WhiteElo "1864"]
[BlackElo "1903"]
[PlyCount "52"]
[EventDate "2018.??.??"]

1. b3 e5 2. Bb2 Nc6 3. e3 Nf6 4. Bb5 d6 5. d4 Nd7 6. Nf3 g6 7. dxe5 Bg7 8. Bxc6
bxc6 9. O-O O-O 10. Qe2 Nxe5 11. Nxe5 dxe5 12. Rd1 Qg5 13. e4 Be6 14. Nc3 f5
15. Rd2 Rf7 16. Rad1 Re8 17. Kh1 Qh4 18. Ba3 Bh6 19. Rd3 f4 20. f3 g5 21. Qe1
Qh5 22. Kg1 g4 23. Kf2 gxf3 24. Qg1 fxg2 25. h3 f3 26. Qh2 Bf4 0-1

[Event "SV Unser Fritz 1 - Rochade Steele/Kray "]
[Site "Verbandsklasse - Gruppe 2 201"]
[Date "2018.09.23"]
[Round "1.7"]
[White "Sooriakumaran, Tananjayan"]
[Black "Elsner, Mario"]
[Result "0-1"]
[WhiteElo "840"]
[BlackElo "1794"]
[PlyCount "56"]
[EventDate "2018.??.??"]

1. e3 g6 2. Nc3 c5 3. Bc4 Bg7 4. Nh3 Nf6 5. Ng5 d5 6. Bb5+ Nc6 7. b3 O-O 8. Bb2
e5 9. h3 e4 10. Qe2 h6 11. Ngxe4 Nxe4 12. O-O-O a6 13. Bd3 Nxc3 14. Bxc3 Nb4
15. Bxg7 Kxg7 16. g4 Nxa2+ 17. Kb1 Nb4 18. h4 Nxd3 19. cxd3 Qb6 20. Rdg1 Qxb3+
21. Kc1 Bd7 22. g5 h5 23. Qf3 Bf5 24. e4 dxe4 25. dxe4 Qxf3 26. exf5 Qxf5 27.
Re1 Rfe8 28. Kd1 Qb1# 0-1

[Event "SV Unser Fritz 1 - Rochade Steele/Kray "]
[Site "Verbandsklasse - Gruppe 2 201"]
[Date "2018.09.23"]
[Round "1.8"]
[White "Tober, Julian"]
[Black "Brandenberg, Mik"]
[Result "1-0"]
[WhiteElo "1771"]
[BlackElo "1014"]
[PlyCount "61"]
[EventDate "2018.??.??"]

1. e4 c6 2. d4 d5 3. exd5 cxd5 4. c4 e6 5. Nf3 Nc6 6. Nc3 a6 7. cxd5 exd5 8.
Qb3 Nf6 9. Bg5 Bb4 10. Bxf6 Bxc3+ 11. bxc3 Qxf6 12. Be2 Ne7 13. O-O O-O 14.
Rfe1 b5 15. Ne5 Qg5 16. Bf3 Be6 17. a4 Rab8 18. axb5 Rxb5 19. Qa4 Rb6 20. Nd7
Bxd7 21. Qxd7 Rfb8 22. h4 R6b7 23. Qxb7 Rxb7 24. hxg5 g6 25. Rxa6 Nf5 26. Ra8+
Kg7 27. Ree8 Rb1+ 28. Kh2 Ne7 29. Rxe7 h6 30. Bxd5 hxg5 31. Rxf7+ 1-0

[Event "SC Rochade Rüttenscheid 1 - SV Waltrop"]
[Site "Verbandsklasse - Gruppe 3 201"]
[Date "2018.09.23"]
[Round "1.1"]
[White "Gasper, Joern"]
[Black "Lindenmaier, Reinhard"]
[Result "1-0"]
[WhiteElo "2033"]
[BlackElo "2017"]
[PlyCount "61"]
[EventDate "2018.??.??"]

1. e4 d5 2. exd5 Nf6 3. Nf3 Nxd5 4. d4 Bg4 5. h3 Bh5 6. c4 Nf6 7. g4 Bg6 8. Ne5
Nbd7 9. Nxg6 hxg6 10. Bg2 c6 11. O-O e6 12. Nc3 Nb6 13. g5 Nh7 14. c5 Nd5 15.
Nxd5 cxd5 16. Qd3 Be7 17. f4 O-O 18. Bd2 Re8 19. h4 Nf8 20. b4 Qc7 21. Rfc1
Rec8 22. a4 Nd7 23. Rc2 Nb6 24. Bc1 Nc4 25. Qd1 a6 26. Bf1 b5 27. Bd3 f5 28. h5
Kf7 29. hxg6+ Kxg6 30. axb5 Rh8 31. Rxa6 1-0

[Event "SC Rochade Rüttenscheid 1 - SV Waltrop"]
[Site "Verbandsklasse - Gruppe 3 201"]
[Date "2018.09.23"]
[Round "1.2"]
[White "Dorgarten, Armin"]
[Black "Eckert, Marius"]
[Result "0-1"]
[WhiteElo "1901"]
[BlackElo "2014"]
[PlyCount "56"]
[EventDate "2018.??.??"]

1. d4 d5 2. Bf4 c5 3. e3 cxd4 4. exd4 Nc6 5. Nc3 Bf5 6. Nb5 Rc8 7. c3 a6 8. Na3
e6 9. Nf3 Nf6 10. Nc2 Qb6 11. Rb1 Bxc2 12. Qxc2 Nxd4 13. Qa4+ Nc6 14. Bd3 Be7
15. b4 O-O 16. O-O Nb8 17. Bxb8 Rxb8 18. c4 dxc4 19. Bxc4 Rbc8 20. Qb3 Qc7 21.
Bxe6 fxe6 22. Qxe6+ Kh8 23. Ng5 Bd6 24. g3 h6 25. Rfd1 hxg5 26. Rxd6 Qf7 27.
Qh3+ Kg8 28. Re1 Ne4 0-1

[Event "SC Rochade Rüttenscheid 1 - SV Waltrop"]
[Site "Verbandsklasse - Gruppe 3 201"]
[Date "2018.09.23"]
[Round "1.3"]
[White "Winterberg, Andreas"]
[Black "Richters, Marc"]
[Result "1-0"]
[WhiteElo "1986"]
[BlackElo "1877"]
[PlyCount "83"]
[EventDate "2018.??.??"]

1. e4 c5 2. c3 Nf6 3. e5 Nd5 4. d4 cxd4 5. cxd4 Nc6 6. Nf3 d6 7. Bc4 Nb6 8. Bb5
dxe5 9. Nxe5 Qd5 10. Bxc6+ bxc6 11. O-O Ba6 12. Nc3 Qd6 13. Re1 Rd8 14. Qf3 Qf6
15. Qxf6 gxf6 16. Nxc6 Rd6 17. Nxa7 Bb7 18. Nab5 Rd7 19. Bf4 Rg8 20. Nd6+ Rxd6
21. Bxd6 Rxg2+ 22. Kf1 Rg5 23. Ne4 Ba6+ 24. Re2 Rf5 25. Bc5 Nc4 26. Ke1 Kd7 27.
Bb4 Kc6 28. Rc2 Kb5 29. b3 Ne3 30. fxe3 Kxb4 31. Rf2 Ra5 32. a3+ Kxb3 33. Nc5+
Rxc5 34. dxc5 Bh6 35. c6 Kc4 36. c7 Bc8 37. Rb1 Bxe3 38. Rb8 Bxf2+ 39. Kxf2 Be6
40. c8=Q+ Bxc8 41. Rxc8+ Kb3 42. Rc7 1-0

[Event "SC Rochade Rüttenscheid 1 - SV Waltrop"]
[Site "Verbandsklasse - Gruppe 3 201"]
[Date "2018.09.23"]
[Round "1.4"]
[White "Pennekamp, Manfred"]
[Black "Dunsche, Daniel"]
[Result "0-1"]
[WhiteElo "1815"]
[BlackElo "1930"]
[PlyCount "76"]
[EventDate "2018.??.??"]

1. e4 c5 2. Nc3 g6 3. g3 Bg7 4. Bg2 Nc6 5. d3 Nf6 6. f4 d6 7. Nf3 Bg4 8. h3
Bxf3 9. Qxf3 Nd4 10. Qf2 O-O 11. O-O e6 12. Nd1 Rb8 13. c3 Nc6 14. g4 Qc7 15.
Ne3 b5 16. g5 Nd7 17. Ng4 b4 18. c4 Rb6 19. Qg3 Nd4 20. Rf2 Ra6 21. Be3 Nb3 22.
Raf1 Rxa2 23. f5 exf5 24. exf5 Bd4 25. f6 Kh8 26. Nh6 a5 27. Bd5 Ne5 28. Bxd4
Nxd4 29. Re1 a4 30. Ng4 Nf5 31. Rxf5 gxf5 32. Nh6 Rxb2 33. Nxf5 a3 34. Ne7 a2
35. g6 fxg6 36. Rxe5 dxe5 37. Nxg6+ hxg6 38. Qh4+ Qh7 0-1

[Event "SC Rochade Rüttenscheid 1 - SV Waltrop"]
[Site "Verbandsklasse - Gruppe 3 201"]
[Date "2018.09.23"]
[Round "1.5"]
[White "Drewes, Martin"]
[Black "Koprek, Juergen"]
[Result "1/2-1/2"]
[WhiteElo "1934"]
[BlackElo "1826"]
[PlyCount "41"]
[EventDate "2018.??.??"]

1. e4 e6 2. d4 d5 3. Nc3 Bb4 4. Nge2 dxe4 5. a3 Be7 6. Nxe4 Nf6 7. N2g3 Nbd7 8.
Bd3 O-O 9. Bf4 Nd5 10. Bd2 f5 11. Nc3 Nxc3 12. bxc3 Bd6 13. O-O Qh4 14. Re1 Nf6
15. Nf1 Bd7 16. f3 Rae8 17. Re2 c5 18. Be1 Qg5 19. Bd2 Qh4 20. Be1 Qg5 21. Bd2
1/2-1/2

[Event "SC Rochade Rüttenscheid 1 - SV Waltrop"]
[Site "Verbandsklasse - Gruppe 3 201"]
[Date "2018.09.23"]
[Round "1.6"]
[White "Bruckmann, Jochen"]
[Black "Breidenbach, Rolf"]
[Result "0-1"]
[WhiteElo "1778"]
[BlackElo "1895"]
[PlyCount "48"]
[EventDate "2018.??.??"]

1. e4 g6 2. d4 Bg7 3. c4 d6 4. f4 Nc6 5. d5 Nd4 6. Nf3 c5 7. dxc6 Nxf3+ 8. Qxf3
bxc6 9. Nc3 Nf6 10. e5 dxe5 11. Qxc6+ Bd7 12. Qf3 O-O 13. Be2 exf4 14. Bxf4 Qb6
15. O-O-O Bc6 16. Qg3 Ne4 17. Qe3 Nxc3 18. bxc3 Qa5 19. Kb2 Qb4+ 20. Kc2 Ba4+
21. Kc1 Bxc3 22. Rd2 Qa3+ 23. Kb1 Rab8+ 24. Bxb8 Rxb8+ 0-1

[Event "SC Rochade Rüttenscheid 1 - SV Waltrop"]
[Site "Verbandsklasse - Gruppe 3 201"]
[Date "2018.09.23"]
[Round "1.7"]
[White "Sehrbrock, Christoph"]
[Black "Neaga, Bogdan"]
[Result "0-1"]
[WhiteElo "1794"]
[BlackElo "1750"]
[PlyCount "118"]
[EventDate "2018.??.??"]

1. e4 c5 2. Nf3 d6 3. d4 cxd4 4. Nxd4 Nf6 5. Nc3 a6 6. Be2 e5 7. Nb3 Be6 8. Bg5
Nbd7 9. O-O Be7 10. Kh1 O-O 11. Qd2 h6 12. Bh4 Nxe4 13. Nxe4 Bxh4 14. Qxd6 Be7
15. Qd2 Qc7 16. Rad1 Rac8 17. c3 Rfd8 18. Qc2 b5 19. a3 Nb6 20. Rxd8+ Rxd8 21.
Rd1 Nd5 22. Nc1 Nf4 23. Bf1 f5 24. Ng3 e4 25. Nge2 Rxd1 26. Qxd1 Bc5 27. Nd4
Qd7 28. g3 Ng6 29. Qh5 Ne5 30. Nxe6 Qxe6 31. Qe2 Ng4 32. f3 Nf2+ 33. Kg2 f4 34.
g4 Nxg4 35. Qxe4 Qxe4 36. fxe4 Ne3+ 37. Kf2 Nd1+ 38. Kf3 Nxb2 39. Nd3 Nxd3 40.
Bxd3 g5 41. c4 Bxa3 42. cxb5 a5 43. b6 Bd6 44. Bb5 h5 45. h3 Kf7 46. b7 Bc7 47.
Bc6 Ke7 48. Bb5 Kd8 49. Ba4 Be5 50. Bd1 Kc7 51. Kf2 Kxb7 52. Bxh5 a4 53. Kf3 a3
54. Bf7 Kb6 55. Kg4 Kc5 56. h4 gxh4 57. Kxh4 Kd4 58. Bd5 f3 59. Kh3 Ke3 0-1

[Event "SC Rochade Rüttenscheid 1 - SV Waltrop"]
[Site "Verbandsklasse - Gruppe 3 201"]
[Date "2018.09.23"]
[Round "1.8"]
[White "Luecking, Joerg"]
[Black "Neumann, Robert"]
[Result "1-0"]
[WhiteElo "1714"]
[BlackElo "1772"]
[PlyCount "59"]
[EventDate "2018.??.??"]

1. e4 e5 2. Nf3 Nc6 3. Bc4 Nf6 4. Ng5 d5 5. exd5 Na5 6. Bb5+ c6 7. dxc6 bxc6 8.
Be2 h6 9. Nf3 e4 10. Ne5 Qd4 11. Ng4 Bxg4 12. Bxg4 e3 13. f3 h5 14. Bf5 g6 15.
Bd3 Bd6 16. dxe3 Qh4+ 17. Kf1 Bc7 18. Bd2 O-O 19. Qe1 Qxe1+ 20. Kxe1 c5 21. Na3
Rab8 22. b3 Nc6 23. Nc4 Rbd8 24. Rd1 Rfe8 25. a3 a5 26. Kf2 h4 27. e4 Nh7 28.
Bc3 f6 29. Ne3 Bb6 30. Bc4+ 1-0

[Event "SF Kirchhellen 1 - SV Mülheim-Nord 4"]
[Site "Verbandsklasse - Gruppe 3 201"]
[Date "2018.09.23"]
[Round "1.1"]
[White "Oltmanns, Jan"]
[Black "Sinnwell, Horst"]
[Result "1-0"]
[WhiteElo "1922"]
[BlackElo "2036"]
[PlyCount "63"]
[EventDate "2018.??.??"]

1. e4 e6 2. d4 d5 3. Nd2 dxe4 4. Nxe4 Nd7 5. Nf3 Ngf6 6. Nxf6+ Nxf6 7. Be3 Be7
8. Bd3 O-O 9. Qe2 b6 10. O-O-O Bb7 11. Kb1 Qc8 12. Ne5 c5 13. dxc5 Bxc5 14.
Bxc5 Qxc5 15. f3 Rfd8 16. Rhe1 Qc7 17. g3 Rd6 18. Rd2 Rad8 19. Red1 Rd5 20. f4
g6 21. Bc4 Rxd2 22. Rxd2 Rxd2 23. Qxd2 Bd5 24. Bd3 Qc5 25. c4 Bb7 26. a3 Qd4
27. Qe2 Be4 28. Ka2 h5 29. Bxe4 Nxe4 30. Nf3 Nc3+ 31. bxc3 Qxc3 32. Ne5 1-0

[Event "SF Kirchhellen 1 - SV Mülheim-Nord 4"]
[Site "Verbandsklasse - Gruppe 3 201"]
[Date "2018.09.23"]
[Round "1.2"]
[White "Hoffterheide, Thomas"]
[Black "Kremer, Moritz"]
[Result "1/2-1/2"]
[WhiteElo "1954"]
[BlackElo "1898"]
[PlyCount "47"]
[EventDate "2018.??.??"]

1. e4 e6 2. d4 d5 3. Nc3 dxe4 4. Nxe4 Bd7 5. Nf3 Bc6 6. Bd3 Be7 7. O-O Nf6 8.
Qe2 O-O 9. Re1 Nbd7 10. Bd2 Bxe4 11. Bxe4 Nxe4 12. Qxe4 c6 13. Rad1 Nf6 14. Qe2
Qb6 15. b3 Rad8 16. c4 Bb4 17. Bxb4 Qxb4 18. Qb2 c5 19. dxc5 Qxc5 20. Rc1 Qe7
21. b4 Rc8 22. Qb3 Rfd8 23. a3 h6 24. h3 1/2-1/2

[Event "SF Kirchhellen 1 - SV Mülheim-Nord 4"]
[Site "Verbandsklasse - Gruppe 3 201"]
[Date "2018.09.23"]
[Round "1.3"]
[White "Schmidt, Kevin"]
[Black "Borgs, Martin"]
[Result "1/2-1/2"]
[WhiteElo "1897"]
[BlackElo "1969"]
[PlyCount "121"]
[EventDate "2018.??.??"]

1. e4 c5 2. Nf3 e6 3. c4 d6 4. d4 cxd4 5. Nxd4 Nf6 6. Nc3 a6 7. Be2 Be7 8. Be3
O-O 9. O-O Qc7 10. Rc1 Nbd7 11. Qd2 b6 12. Rfd1 Bb7 13. f3 Rac8 14. Bf1 Qb8 15.
Qf2 Bd8 16. b3 Bc7 17. g3 Rfe8 18. Bg2 g6 19. Nde2 Ba8 20. Nf4 b5 21. cxb5 axb5
22. Nd3 b4 23. Na4 d5 24. exd5 Nxd5 25. Ndc5 Nxc5 26. Nxc5 Nxe3 27. Qxe3 Bb6
28. a3 bxa3 29. b4 Qa7 30. Rd3 a2 31. Ra3 Qc7 32. Rxa2 Red8 33. f4 Bxg2 34.
Kxg2 Qc6+ 35. Qf3 Qb5 36. Qc3 Rd5 37. Rd2 Qc6 38. Rxd5 Qxd5+ 39. Kg1 Rd8 40.
Rc2 Qe4 41. Rc1 Rd3 42. Re1 Rxc3 43. Rxe4 Bxc5+ 44. bxc5 Rxc5 45. Re2 Kg7 46.
Kg2 Kf6 47. Ra2 Kf5 48. h3 h5 49. Ra7 f6 50. Rf7 g5 51. g4+ hxg4 52. hxg4+ Kxg4
53. Rxf6 gxf4 54. Rxe6 Rc2+ 55. Kg1 Kg3 56. Rg6+ Kf3 57. Ra6 Rc1+ 58. Kh2 Kf2
59. Ra2+ Kf1 60. Kh3 f3 61. Kg3 1/2-1/2